| 000 | 00854nam a22002777a 4500 | ||
|---|---|---|---|
| 001 | 9560 | ||
| 003 | FISKH | ||
| 005 | 20260123140311.0 | ||
| 008 | 260123b cb ||||| |||| 00| 0 eng d | ||
| 020 | _a9781407193441 | ||
| 040 |
_aFISKH _beng _cFISKH _dFISKH |
||
| 050 | _aPZ7 .P55223 .E | ||
| 082 | _a823.92 | ||
| 100 |
_aPichon, Liz _eAuthor |
||
| 245 |
_aExcellent excuses : _bAnd other good stuff / _cBy Liz Pichon |
||
| 260 |
_aDublin : _bScholastic , _c2011 |
||
| 300 |
_a340 pages : _billustrations ; _c19 cm |
||
| 490 |
_aTom gates : _v2 |
||
| 505 | _aP | ||
| 520 | _aNo school for two weeks gives Tom time to do important things, such as inventing new ways to annoy his sister Delia. | ||
| 521 | 8 |
_a610
_bLexile |
|
| 521 | 8 |
_aP
_bRaz-Plus |
|
| 650 |
_aTom gates series _vNightmare on planet |
||
| 942 |
_2ddc _cBK _n0 |
||
| 999 |
_c9560 _d9560 |
||